| 000 | 01466nam a2200313 a 4500 | ||
|---|---|---|---|
| 001 | ebr10565367 | ||
| 003 | CaPaEBR | ||
| 006 | m u | ||
| 007 | cr cn||||||||| | ||
| 008 | 120614s2012 dcuad sb 000 0 eng d | ||
| 020 | _z0309254167 | ||
| 020 | _z9780309254168 | ||
| 040 |
_aCaPaEBR _cCaPaEBR |
||
| 035 | _a(OCoLC)793520583 | ||
| 050 | 1 | 4 |
_aHV8693 _b.N38 2012eb |
| 110 | 2 |
_aNational Research Council (U.S.). _bCommittee on Deterrence and the Death Penalty. |
|
| 245 | 1 | 0 |
_aDeterrence and the death penalty _h[electronic resource] / _cCommittee on Deterrence and the Death Penalty, Committee on Law and Justice, Division of Behavioral and Social Sciences and Education, National Research Council of the National Academies ; Daniel S. Nagin and John V. Pepper, editors. |
| 260 |
_aWashington, D.C. : _bNational Academies Press, _c2012. |
||
| 300 |
_axv, 127 p. : _bill. (some col.) |
||
| 504 | _aIncludes bibliographical references. | ||
| 533 |
_aElectronic reproduction. _bPalo Alto, Calif. : _cebrary, _d2011. _nAvailable via World Wide Web. _nAccess may be limited to ebrary affiliated libraries. |
||
| 650 | 0 | _aPunishment in crime deterrence. | |
| 650 | 0 | _aCapital punishment. | |
| 655 | 7 |
_aElectronic books. _2local |
|
| 700 | 1 | _aNagin, Daniel S. | |
| 700 | 1 | _aPepper, John V. | |
| 710 | 2 | _aebrary, Inc. | |
| 856 | 4 | 0 |
_uhttp://site.ebrary.com/lib/rucke/Doc?id=10565367 _zAn electronic book accessible through the World Wide Web; click to view |
| 999 |
_c94381 _d94381 |
||